| 000 | 01203nam a22003617a 4500 | ||
|---|---|---|---|
| 003 | CHAP | ||
| 005 | 20220329135929.0 | ||
| 008 | 971013s1979 r 00010 d | ||
| 010 | _a44274 | ||
| 011 | _a45246 | ||
| 035 | _a49385 | ||
| 040 | _cCHAP | ||
| 090 | _aFolleto 7013 | ||
| 100 | 0 | 0 |
_aTasistro Souto, Armando S. _9111730 |
| 245 | _aComparación de herbicidas para el control de malezas en la asociación maíz-frijol | ||
| 260 |
_aChapingo, Méx. : _bDepto. de Parasitología Agrícola, _c1979 |
||
| 300 | _a18 h. | ||
| 590 |
_aBATCH-UPD _b10 _c20130110 _lUCH01 _h0000 |
||
| 590 |
_aBATCH-UPD _b10 _c20130110 _lUCH01 _h0249 |
||
| 590 |
_aBATCH-UPD _b10 _c20130110 _lUCH01 _h0910 |
||
| 590 |
_aBATCH-UPD _b10 _c20130409 _lUCH01 _h1934 |
||
| 590 |
_aBATCH-UPD _b10 _c20130914 _lUCH01 _h1125 |
||
| 590 |
_aCONVERSION _b10 _c20130109 _lUCH01 _h1324 |
||
| 650 | 1 | 4 |
_aCultivos asociados. _930370 |
| 650 | 1 | 4 |
_aFrijol _xMalas hierbas. _943400 |
| 650 | 1 | 4 |
_aHerbicidas. _953691 |
| 650 | 1 | 4 |
_aMalas hierbas _xControl. _970011 |
| 700 | 0 |
_aFischer, Albert J. _941058 |
|
| 700 | 0 |
_aMéndez P., Ricardo. _976554 |
|
| 901 | _aBK | ||
| 942 | _cFOLL | ||
| 949 |
_aFolleto 7013 _bBC _cFOLL _d-111416 _eTS1 _i49385 _mD _si |
||
| 999 |
_c44274 _d44274 |
||